000 00679nam a22001337a 4500
040 _cRUA
082 _aFIS SUN 2021 B473 Or.
100 _aSUN SOPHALLA,សុន​ សុផល្លា
245 _aUNDERSTANDING ON DRYING OF FRESHWATER SHRIMP (MACROBRACHUM NIPPONESEE)BY USING SOLAR DRYER,ការសិក្សាការកែច្នៃកំពឹសក្រៀមដោយប្រើប្រាស់ឧបករណ៍សម្ងួតសូឡាដោយ SHRIMP HOUSE TEAM
260 _aphnom penh
_brua
_c2021
300 _aviii.27p.
_bill.
_c29cm.
856 _uhttps://drive.google.com/file/d/1RWIXp5A-WhJNjYbkQI1B-4TmFgexw6Z-/view?usp=sharing
942 _cFIS
999 _c22610
_d22610